000 00491 a2200169 4500
005 20250606101256.0
020 _a0-57444-326-7
082 _aTEA. LECT 658.401 OMA
100 _aOMACHONU, V. K.
245 _aPrinciples of Total Quality.
250 _a3rd Ed
260 _aLondon,
_bCRC Press,
_c2004.
300 _axviii, 793p.: ill.; figure, table
_bReferences & Index
_c24cm.
700 _aROSS, J. E.
856 _yAccess Online Book
_fTotal Quality
_dwww.crcpress.com
942 _2ddc
_cBKS
999 _c3293
_d3293